| 000 | 013860000a22003370004500 | ||
|---|---|---|---|
| 003 | EG-GICUC | ||
| 005 | 20250223025159.0 | ||
| 008 | 080327s2007 ua d f m 000 0 eng d | ||
| 040 |
_aEG-GICUC _beng _cEG-GICUC |
||
| 041 | 0 | _aEng | |
| 049 | _aDeposite | ||
| 097 | _aM.Sc | ||
| 099 | _aCai01.20.03.M.Sc.2007.Ay.T | ||
| 100 | 0 | _aAyman Hassan Tanira | |
| 245 | 1 | 0 |
_aTowards mining web content outliers / _cAyman Hassan Tanira ; Supervised Ahmed Abdelwahed Rafea , Hesham Ahmed Hassan |
| 246 | 1 | 5 | _aنحو التنقيب فى المحتوى خارج السياق على الويب |
| 260 |
_aCairo : _bAyman Hassan Tanira , _c2007 |
||
| 300 |
_a111Leaves : _bcharts ; _c30cm |
||
| 502 | _aThesis (M.Sc.) - Cairo University - Faculty Of Computers and Information - Department Of Computer Science | ||
| 520 | _aThis thesis concentrates on enhancing current approaches for detecting Web document outliers.It introducts a Web document outlier mining system aiming to dect outlying Web doucument from a particular category | ||
| 530 | _aIssued also as CD | ||
| 653 | 4 | _aN - grams | |
| 653 | 4 | _aWeb document outliers | |
| 653 | 4 | _aWeb mining | |
| 700 | 0 |
_aAhmed Abdelwahed Rafea , _eSupervisor |
|
| 700 | 0 |
_aHesham Ahmed Hassan , _eSupervisor |
|
| 856 | _uhttp://172.23.153.220/th.pdf | ||
| 905 |
_aMustafa _eRevisor |
||
| 905 |
_aNazla _eCataloger |
||
| 942 |
_2ddc _cTH |
||
| 999 |
_c7389 _d7389 |
||